Biotratamiemto de residuos tóxicos y peligrosos: selección, estimación, modificación de microorganismos y aplicaciones

Zapisane w:
Opis bibliograficzny
Główni autorzy: Levin, Morris A (Autor), Gealt, Michael A (Autor)
Format: Książka
Język:hiszpański
Wydane: Madrid McGraw Hill 1997
Hasła przedmiotowe:
Etykiety: Dodaj etykietę
Nie ma etykietki, Dołącz pierwszą etykiete!

MARC

LEADER 00000nam a2200000 a 4500
001 UCQ8471
003 CL-VaPUC
008 981209e19970000SP |||||||||||||||||spa|d
082 0 4 |a 628.445  |b LEV  |2 21 
100 |a Levin, Morris A  |e author  |9 422455 
700 0 |a Gealt, Michael A  |e author  |9 422456 
245 1 0 |a Biotratamiemto de residuos tóxicos y peligrosos: selección, estimación, modificación de microorganismos y aplicaciones 
300 |a 338 p 
942 |c BK 
945 |d 19981209 00:00:00  |a aarredon 
260 |a Madrid  |b McGraw Hill  |c 1997 
650 7 |a CONTAMINACION  |2 CL-VaPUC  |9 258139 
650 0 |a Residuos industriales  |9 261421 
650 0 |a Aspectos ambientales   |9 258658 
650 7 |a ELIMINACION DE RESIDUOS  |2 CL-VaPUC  |9 332226 
650 7 |a RESIDUOS TOXICOS  |2 CL-VaPUC  |9 376642 
650 0 |a Medio ambiente  |9 257625 
650 7 |a PROTECCION AL MEDIO AMBIENTE  |2 CL-VaPUC  |9 376643 
650 0 |a Microorganismos  |9 264259 
650 7 |a MUTAGENESIS  |2 CL-VaPUC  |9 361433 
583 |a last modification  |c 19981209 00:00:00  |k Rodrigo Vera 
999 |c 277724  |d 277722 
952 |0 0  |1 0  |4 0  |6 628_445000000000000_LEV_1997  |7 0  |8 A  |9 315896  |a BIBING  |b BIBING  |d 2019-11-20  |i 3487121  |o 628.445 LEV 1997  |p 3487121  |r 2025-01-20  |w 2019-11-20  |y BK  |k EIQ